[Event "IECC TH-M-2813"]
[Site "IECC email"]
[Date "2008.06.18"]
[Round "?"]
[White "Dufour, Michael"]
[Black "Weissbein, Tom"]
[Result "1-0"]
[WhiteElo "1808"]
[BlackElo "2157"]
[PlyCount "51"]
[EventDate "2008.??.??"]
[EventType "match (corr)"]
[SourceTitle "Corr 2013"]
[Source "ChessBase"]
[SourceDate "2012.11.12"]
[SourceVersion "1"]
[SourceVersionDate "2012.11.12"]
[SourceQuality "1"]
[WhiteTeam "US of America"]
[BlackTeam "Italy"]
[WhiteTeamCountry "USA"]
[BlackTeamCountry "ITA"]

1. e4 d6 2. d4 Nf6 3. Nc3 g6 4. f4 Bg7 5. Nf3 0-0 6. Bd3 Na6 7. 0-0 c5 8. d5 Nb4 9. Be2 e6 10. a3 Na6 11. dxe6 fxe6 12. e5 dxe5 13. Qxd8 Rxd8 14. fxe5 Ng4 15. Bg5 Rf8 16. Ne4 Nxe5 17. Nxe5 Bxe5 18. Rxf8+ Kxf8 19. Bh6+ Ke7 20. Rf1 Bd7 21. c3 Be8 22. Bg5+ Kd7 23. Bb5+ Kc7 24. Rf8 Bxb5 25. Rxa8 Bc6 26. Bd8+ 1-0

[Event "IECC TH-M-2813"]
[Site "IECC email"]
[Date "2008.06.18"]
[Round "?"]
[White "Weissbein, Tom"]
[Black "Dufour, Michael"]
[Result "0-1"]
[WhiteElo "2136"]
[BlackElo "1836"]
[PlyCount "62"]
[EventDate "2008.??.??"]
[EventType "match (corr)"]
[SourceTitle "Corr 2013"]
[Source "ChessBase"]
[SourceDate "2012.11.12"]
[SourceVersion "1"]
[SourceVersionDate "2012.11.12"]
[SourceQuality "1"]
[WhiteTeam "US of America"]
[BlackTeam "Italy"]
[WhiteTeamCountry "USA"]
[BlackTeamCountry "ITA"]

1. e4 d6 2. d4 Nf6 3. Nc3 g6 4. f4 Bg7 5. Nf3 c5 6. e5 Nfd7 7. dxc5 dxe5 8. fxe5 Nxe5 9. Qxd8+ Kxd8 10. Nxe5 Bxe5 11. Bd2 Be6 12. 0-0-0 Nc6 13. Bf4+ Ke8 14. Bxe5 Nxe5 15. Bb5+ Kf8 16. Nd5 Rc8 17. b4 f6 18. Be2 Kf7 19. Kb2 Rhd8 20. c4 Bg4 21. Bxg4 Nxg4 22. Rhe1 e6 23. Nc3 Nf2 24. Rxd8 Rxd8 25. Kb3 a6 26. Rf1 Ng4 27. b5 Ke7 28. Kb4 Ne5 29. c6 bxc6 30. b6 c5+ 31. Ka5 Ra8 0-1

[Event "IECC O-2541"]
[Site "IECC email"]
[Date "2007.03.09"]
[Round "?"]
[White "Wight, David"]
[Black "Weissbein, Tom"]
[Result "1-0"]
[WhiteElo "2079"]
[BlackElo "2156"]
[PlyCount "65"]
[EventDate "2007.??.??"]
[EventType "swiss (corr)"]
[EventRounds "2"]
[SourceTitle "Corr 2008"]
[Source "ChessBase"]
[SourceDate "2008.06.24"]
[SourceVersion "1"]
[SourceVersionDate "2008.06.24"]
[SourceQuality "1"]
[WhiteTeam "US of America"]
[BlackTeam "Poland"]
[WhiteTeamCountry "USA"]
[BlackTeamCountry "POL"]

1. d4 Nf6 2. c4 g6 3. Nc3 Bg7 4. e4 d6 5. Nf3 0-0 6. Be2 e5 7. 0-0 Nbd7 8. Be3 Ng4 9. Bg5 f6 10. Bd2 c6 11. Qc2 f5 12. Bg5 Qe8 13. exf5 gxf5 14. dxe5 dxe5 15. h3 Nh6 16. Rad1 Qg6 17. Be7 Re8 18. Nh4 Qf7 19. Bg5 e4 20. Qc1 Qf8 21. Bh5 Re6 22. Ne2 Nf7 23. Nxf5 Bxb2 24. Qxb2 Nxg5 25. Neg3 Rf6 26. f4 exf3 27. Bxf3 Qc5+ 28. Kh2 Qe5 29. Qxe5 Nxe5 30. Rd8+ Rf8 31. Ne7+ Kf7 32. Bd5+ Kxe7 33. Rfxf8 1-0

[Event "IECC O-1915"]
[Site "IECC email"]
[Date "2004.03.10"]
[Round "?"]
[White "Weissbein, Tom"]
[Black "Vroom, Gerard"]
[Result "0-1"]
[WhiteElo "2187"]
[BlackElo "2300"]
[PlyCount "60"]
[EventDate "2004.??.??"]
[EventType "swiss (corr)"]
[EventRounds "2"]
[SourceTitle "Corr 2020"]
[Source "ChessBase"]
[SourceDate "2019.09.30"]
[SourceVersion "1"]
[SourceVersionDate "2019.09.30"]
[SourceQuality "1"]
[WhiteTeam "Poland"]
[BlackTeam "Netherlands"]
[WhiteTeamCountry "POL"]
[BlackTeamCountry "NED"]

1. e4 c5 2. Nf3 d6 3. d3 e5 4. g3 g6 5. Bg2 Bg7 6. 0-0 Ne7 7. c3 Nbc6 8. Nh4 0-0 9. f4 f5 10. fxe5 Nxe5 11. Bg5 fxe4 12. Bxe4 Rxf1+ 13. Qxf1 Be6 14. Nd2 Qd7 15. Ndf3 N5c6 16. Bxc6 Nxc6 17. Bf4 Rf8 18. Qe2 Bd5 19. Qd2 Nd8 20. Rf1 Bxa2 21. d4 Ne6 22. Be3 Qc6 23. dxc5 Bc4 24. Rf2 Nxc5 25. Ne1 Re8 26. Bxc5 Bh6 27. Qd1 Qxc5 28. Nc2 Bb3 29. Kg2 Be3 30. Rf1 Qc6+ 0-1

[Event "IECC O email"]
[Site "IECC email"]
[Date "2002.05.15"]
[Round "?"]
[White "Femmel, Don"]
[Black "Weissbein, Tom"]
[Result "1/2-1/2"]
[WhiteElo "2130"]
[BlackElo "2216"]
[PlyCount "124"]
[EventDate "2002.??.??"]
[EventType "tourn (corr)"]
[EventRounds "6"]
[SourceTitle "Corr 2008"]
[Source "ChessBase"]
[SourceDate "2008.06.24"]
[SourceVersion "1"]
[SourceVersionDate "2008.06.24"]
[SourceQuality "1"]

1. e4 c5 2. Nf3 d6 3. d4 cxd4 4. Nxd4 Nf6 5. Nc3 g6 6. Be3 Bg7 7. f3 0-0 8. Qd2 Nc6 9. 0-0-0 Nxd4 10. Bxd4 Be6 11. Kb1 Qc7 12. g4 Rfc8 13. h4 Qa5 14. a3 Rab8 15. Be2 b5 16. Nd5 Qxd2 17. Rxd2 Nxd5 18. exd5 Bxd4 19. Rxd4 Bd7 20. Bd3 a5 21. h5 b4 22. hxg6 fxg6 23. Kc1 Bb5 24. Re1 Bxd3 25. Rxd3 Kf7 26. g5 bxa3 27. Rxa3 Rc5 28. Rd3 Rbb5 29. Rde3 Rb7 30. Rd1 a4 31. Re4 Rcb5 32. Rxa4 Rxb2 33. Rh4 Rb1+ 34. Kd2 Rxd1+ 35. Kxd1 Kg7 36. Kd2 Rb1 37. c4 Rg1 38. f4 Rg3 39. Rh1 Rf3 40. Re1 Kf7 41. Re4 h5 42. gxh6 Rh3 43. Re1 Rxh6 44. Kc3 Rh4 45. Rf1 Kf6 46. Kd3 Kf5 47. Ke3 Rg4 48. Rf2 Rg1 49. Re2 Rf1 50. Rg2 Rxf4 51. Rxg6 e5 52. Rxd6 Rxc4 53. Kd3 Rd4+ 54. Ke3 Rd1 55. Ke2 Ra1 56. Rh6 Ra5 57. d6 Rd5 58. Ke3 Rd4 59. Rh8 Rxd6 60. Rh5+ Ke6 61. Rh6+ Kd5 62. Rxd6+ Kxd6 1/2-1/2